Hợp tuyển văn học châu Á

Zapisane w:
Opis bibliograficzny
1. autor: Lưu Đức Trung
Format: Książka
Język:Undetermined
Wydane: H. ĐHQG 2002
Hasła przedmiotowe:
Etykiety: Dodaj etykietę
Nie ma etykietki, Dołącz pierwszą etykiete!
Thư viện lưu trữ: Trung tâm Học liệu Trường Đại học Cần Thơ
LEADER 00548nam a2200205Ia 4500
001 CTU_49037
008 210402s9999 xx 000 0 und d
082 |a 808.89 
082 |b Tr513/T2 
100 |a Lưu Đức Trung 
245 0 |a Hợp tuyển văn học châu Á 
245 0 |c Lưu Đức Trung 
260 |a H. 
260 |b ĐHQG 
260 |c 2002 
526 |a Văn học Châu Á 
526 |b SG218 
650 |a indian literature 
650 |x collections 
980 |a Trung tâm Học liệu Trường Đại học Cần Thơ